Прикладне програмне забезпечення (Запис № 330819)

МАРК-запис
000 -Лідер
fixed length control field 00816nam a22002537a 4500
001 - Контрольний номер
control field 44737
003 - Ідентифікатор контрольного номера
control field UA-OsUOA
005 - Дата та час останнього входження (трансакції)
control field 20201202213322.0
007 - Фіксоване поле фізичного опису
fixed length control field ta
008 - Елементи даних фіксованої довжини – загальна інформація
fixed length control field 20070312b un ||||| |||| 00| 0 ukr d
020 ## - Міжнародний стандартний книжковий номер (ISBN)
Міжнародний стандартний книжковий номер (ISBN) (НП) 966-574-098-9
040 ## - Джерело каталогізації
Агенція оригінальної каталогізації UA-OsUOA
Мова каталогізації ukr
Агенція, яка здійснювала перезапис UA-OsUOA
Агенція, яка здійснювала модифікацію UA-OsUOA
041 ## - Код мови
Код мови тексту/ звукової доріжки чи окремого заголовка (П) ukr
080 ## - Індекс Універсальної десяткової класифікації
Індекс Універсальної десяткової класифікації (УДК) (НП) 004.4:33
090 ## - Локальний шифр розміщення
Класифікаційний індекс УДК 004.4:33
Авторський знак (НП) М75
100 ## - Основне введення – ім’я особи
Ім’я особи (НП) Молодцова О. П.
245 ## - Відомості про назву
Назва (НП) Прикладне програмне забезпечення
Решта назви (НП) навч.-метод. посіб. для самост. вивч. дисц.
260 ## - Публікація, розповсюдження і т.п. (Вихідні дані)
Місце публікації, розповсюдження і т.п. (П) К.
Ім’я/ наймення видавництва, розповсюджувача і т.п. (П) КНЕУ
Дата публікації, розповсюдження і т.п. (П) 2000
300 ## - Фізичний опис
Обсяг 264 с.
650 #7 - Додаткове предметне введення – тематичний термін
Тематичний термін чи географічна назва, як елемент введення (НП) 00 Загальні питання науки і культури
Джерело заголовка чи терміна UDC
942 ## - Додаткові елементи входу (Коха)
Тип елемента Koha Книги
Source of classification or shelving scheme Universal Decimal Classification
955 ## - Код типу видання за змістом
Код типу видання за змістом (НП) Навчальні видання
Фонди
Стан вилучень Стан втрат Джерело класифікації або схеми стелажів Стан уражень Не для кредиту Постійне місце розташування Поточне розміщення Дата придбання Вартість, звичайна ціна покупки Інвентарний номер Усього замовленно Повний номер виклику Штрих-код Дата останнього перегляду Ціна ефективна від Тип елемента Koha Джерело придбання
    Universal Decimal Classification     ЧЗ - Читальна зала ЧЗ - Читальна зала 14/12/2003 5.00 61745   004.45(075) М75 61745 06/02/2022 14/12/2003 Книги  
    Universal Decimal Classification     ЧЗ - Читальна зала ЧЗ - Читальна зала 12/03/2007 18.25 103838   004.4:33 М75 103838 09/02/2022 12/03/2007 Книги 47/2007
    Universal Decimal Classification     ЧЗ - Читальна зала ЧЗ - Читальна зала 12/03/2007 18.25 103839   004.4:33 М75 103839 06/02/2022 12/03/2007 Книги 47/2007
    Universal Decimal Classification     ЧЗ - Читальна зала ЧЗ - Читальна зала 01/10/2007 18.25 108424   004.4 (075.8) М75 108424 09/02/2022 01/10/2007 Книги 158/2007